000 00245nam a22000977a 4500
999 _c11571
_d11571
008 190708b ||||| |||| 00| 0 eng d
020 _a9789351770251
100 _aMarino Andy
_97280
245 _aNarendra Modi
260 _aIndia
_bHarperCollins
_c2014